| 000 | 00871pam a2200301 a 4500 | ||
|---|---|---|---|
| 005 | 20260322212007.0 | ||
| 008 | data | ||
| 010 | _a 93014735 | ||
| 020 |
_a0517595656 (hc) : _c{dollar}22.00 ({dollar}29.00 Can.) |
||
| 020 |
_a9780517595657 (hc) : _c{dollar}22.00 ({dollar}29.00 Can.) |
||
| 040 |
_aDLC _cDLC _dDLC _dDLC |
||
| 043 | _ae-uk-en | ||
| 050 | 0 | 0 |
_aPR6052.U214 _bC65 1993 |
| 082 | 0 | 0 |
_a823/.914 _220 |
| 099 | _aBUCHAE | ||
| 100 | 1 | _aBuchan, Elizabeth. | |
| 245 | 1 | 0 |
_aConsider the lily / _cElizabeth Buchan. |
| 250 | _a1st. American ed. | ||
| 260 |
_aNew York : _bCrown Publishers, _cc1993. |
||
| 300 |
_a469 p. ; _c24 cm. |
||
| 650 | 0 |
_aCountry life _xFiction. |
|
| 650 | 0 |
_aGardening _xFiction. |
|
| 650 | 0 |
_aGardeners _xFiction. |
|
| 651 | 0 |
_aEngland _xFiction. |
|
| 655 | 7 |
_aHistorical fiction. _2gsafd |
|
| 655 | 7 |
_aLove stories. _2gsafd |
|
| 001 | data | ||
| 999 |
_c123 _d123 |
||